[Event "Wch Blitz"]
[Site "Warsaw"]
[Date "2021.12.30"]
[Round "21"]
[White "Kolosowski, Mateusz"]
[Black "Krasenkow, Michal"]
[Result "1-0"]
[WhiteElo "2444"]
[BlackElo "2576"]
[PlyCount "55"]
[EventDate "2021.12.29"]
[EventType "swiss (blitz)"]
[EventRounds "21"]
[EventCountry "POL"]
[SourceTitle "CBM 205 Extra"]
[Source "ChessBase"]
[SourceDate "2022.01.31"]
[SourceVersion "1"]
[SourceVersionDate "2022.01.31"]
[SourceQuality "1"]

1. e4 e5 2. Nf3 d6 3. d4 Nf6 4. Nc3 Nbd7 5. Bc4 Be7 6. 0-0 0-0 7. h3 c6 8. a4 b6 9. Re1 a6 10. b3 Bb7 11. Bb2 b5 12. Bd3 b4 13. Ne2 Qc7 14. Ng3 Rfe8 15. a5 Bf8 16. Qd2 c5 17. dxe5 Nxe5 18. Nxe5 dxe5 19. Bc4 g6 20. h4 h5 21. Qg5 Bg7 22. Qxg6 Kf8 23. Qg5 Bc8 24. Rad1 Bd7 25. Rd3 Rad8 26. Rf3 Be6 27. Rxf6 Bxc4 28. Nf5 1-0

[Event "Wch Blitz"]
[Site "Warsaw"]
[Date "2021.12.30"]
[Round "18"]
[White "Nevednichy, Vladislav"]
[Black "Kolosowski, Mateusz"]
[Result "1/2-1/2"]
[WhiteElo "2498"]
[BlackElo "2444"]
[PlyCount "139"]
[EventDate "2021.12.29"]
[EventType "swiss (blitz)"]
[EventRounds "21"]
[EventCountry "POL"]
[SourceTitle "CBM 205 Extra"]
[Source "ChessBase"]
[SourceDate "2022.01.31"]
[SourceVersion "1"]
[SourceVersionDate "2022.01.31"]
[SourceQuality "1"]

1. e4 e5 2. Nf3 Nc6 3. Be2 Nf6 4. d3 d5 5. Nbd2 Bc5 6. 0-0 0-0 7. c3 dxe4 8. dxe4 a5 9. a4 Qe7 10. Qc2 Bg4 11. h3 Bh5 12. Re1 Bg6 13. Bf1 Nh5 14. Nc4 h6 15. Ne3 Qe6 16. Bc4 Qe7 17. Bb5 Nf4 18. Ng4 f6 19. Nh4 Bh7 20. Nf5 Qe8 21. Kh2 Kh8 22. g3 Ne6 23. Nge3 Ng5 24. Kg2 Qh5 25. h4 Qf3+ 26. Kh2 Nxe4 27. Bd3 Qxf2+ 28. Qxf2 Nxf2 29. Bc2 Rad8 30. Kg2 Nd3 31. Rd1 e4 32. g4 Nce5 33. Kg3 c6 34. Rb1 Bb6 35. b4 Rd7 36. bxa5 Bxa5 37. Ba3 Rfd8 38. Be7 Re8 39. Ba3 Bc7 40. Kg2 Red8 41. Rxb7 Bg8 42. Be7 Nf4+ 43. Kf1 Rxd1+ 44. Bxd1 Bc4+ 45. Kg1 Rd7 46. Bd8 Bxd8 47. Rxd7 Nxd7 48. Nxc4 Nc5 49. a5 Nd5 50. Nfd6 Nxc3 51. Bc2 Bc7 52. Ne8 Bd8 53. Ned6 Kg8 54. Nb7 Nxb7 55. a6 Nb5 56. axb7 Bc7 57. Bxe4 Nd4 58. Na5 c5 59. Nc4 Kf7 60. Kf2 Ke6 61. h5 Kd7 62. Ke3 Bb8 63. Nb6+ Kc7 64. Nd5+ Kxb7 65. Nxf6+ Kc7 66. Ne8+ Kd7 67. Nxg7 Ke7 68. Nf5+ Nxf5+ 69. Bxf5 Kf6 70. Ke4 1/2-1/2

[Event "Wch Rapid"]
[Site "Warsaw"]
[Date "2021.12.28"]
[Round "11"]
[White "Kolosowski, Mateusz"]
[Black "Baum, Jonasz"]
[Result "1/2-1/2"]
[WhiteElo "2444"]
[BlackElo "2287"]
[PlyCount "76"]
[EventDate "2021.12.26"]
[EventType "swiss (rapid)"]
[EventRounds "13"]
[EventCountry "POL"]
[SourceTitle "CBM 205 Extra"]
[Source "ChessBase"]
[SourceDate "2022.01.31"]
[SourceVersion "1"]
[SourceVersionDate "2022.01.31"]
[SourceQuality "1"]

1. e4 c5 2. Nc3 a6 3. g3 b5 4. Bg2 Bb7 5. Nge2 e6 6. d4 cxd4 7. Nxd4 Nf6 8. Qe2 Bc5 9. Nb3 Bb4 10. 0-0 0-0 11. a4 Bxc3 12. bxc3 bxa4 13. Rxa4 d5 14. Na5 Qd7 15. Rb4 Bc6 16. e5 Ne4 17. c4 Qc7 18. cxd5 exd5 19. Nb3 a5 20. Rd4 a4 21. Nd2 Qxe5 22. Bb2 Nd7 23. Ba1 Qf5 24. f3 Nd6 25. Rg4 Nf6 26. Rf4 Qe6 27. Qf2 Rfe8 28. Qc5 Qe3+ 29. Qxe3 Rxe3 30. Bxf6 gxf6 31. Rxf6 Re6 32. Rxe6 fxe6 33. Ra1 Nb5 34. c4 dxc4 35. Nxc4 a3 36. Bh3 Nd4 37. Rxa3 Rxa3 38. Nxa3 Nxf3+ 1/2-1/2

[Event "Wch Rapid"]
[Site "Warsaw"]
[Date "2021.12.28"]
[Round "13"]
[White "Kolosowski, Mateusz"]
[Black "Kantor, Gergely"]
[Result "0-1"]
[WhiteElo "2444"]
[BlackElo "2575"]
[PlyCount "114"]
[EventDate "2021.12.26"]
[EventType "swiss (rapid)"]
[EventRounds "13"]
[EventCountry "POL"]
[SourceTitle "CBM 205 Extra"]
[Source "ChessBase"]
[SourceDate "2022.01.31"]
[SourceVersion "1"]
[SourceVersionDate "2022.01.31"]
[SourceQuality "1"]

1. e4 Nc6 2. Nf3 d6 3. d4 Nf6 4. Nc3 g6 5. h3 Bg7 6. Be2 0-0 7. 0-0 a6 8. Bg5 b5 9. a3 h6 10. Be3 Bb7 11. Qd2 Kh7 12. Rad1 e6 13. Qc1 Ne7 14. e5 Nfd5 15. Nxd5 Bxd5 16. Bf4 Nf5 17. b3 Rb8 18. Rfe1 Qd7 19. g4 Ne7 20. Qe3 Ba8 21. c4 bxc4 22. bxc4 Rb2 23. Bf1 Rfb8 24. Rd3 d5 25. c5 Bc6 26. Rc3 Bb5 27. Bg2 Ba4 28. Rec1 Ra2 29. c6 Nxc6 30. Bf1 Rbb2 31. Bxa6 Qe8 32. h4 Qa8 33. Bd3 Rxf2 34. Qxf2 Rxf2 35. Kxf2 Kg8 36. Be3 Bf8 37. Kg3 Kg7 38. h5 g5 39. Ng1 Be7 40. Nf3 Kg8 41. Nd2 f6 42. exf6 Bxf6 43. Nb3 e5 44. Rc5 exd4 45. Bf2 Be5+ 46. Kg2 Bf4 47. Rb1 Qf8 48. Rxd5 Ne5 49. Rxd4 Bc6+ 50. Be4 Bxe4+ 51. Rxe4 Qa8 52. Nc5 Nd3 53. Kf3 Nxf2 54. Kxf2 Bd6 55. Nb7 Qxa3 56. Rb5 Bf4 57. Nc5 c6 0-1

[Event "Wch Rapid"]
[Site "Warsaw"]
[Date "2021.12.27"]
[Round "7"]
[White "Blanco Acevedo, Cristobal Jose"]
[Black "Kolosowski, Mateusz"]
[Result "1-0"]
[WhiteElo "2304"]
[BlackElo "2444"]
[PlyCount "101"]
[EventDate "2021.12.26"]
[EventType "swiss (rapid)"]
[EventRounds "13"]
[EventCountry "POL"]
[SourceTitle "CBM 205 Extra"]
[Source "ChessBase"]
[SourceDate "2022.01.31"]
[SourceVersion "1"]
[SourceVersionDate "2022.01.31"]
[SourceQuality "1"]

1. d4 Nf6 2. Nf3 g6 3. Bg5 Bg7 4. Nbd2 d5 5. e3 0-0 6. Bd3 c5 7. c3 b6 8. 0-0 Bb7 9. Ne5 Qc8 10. Bxf6 exf6 11. Nef3 f5 12. Rc1 Nd7 13. c4 f4 14. cxd5 fxe3 15. fxe3 Bxd5 16. e4 Bb7 17. b4 Qd8 18. bxc5 Nxc5 19. dxc5 Qxd3 20. c6 Ba6 21. Re1 Rac8 22. Qb3 Rfd8 23. e5 Bh6 24. c7 Re8 25. Rc3 Qd7 26. Ne4 Bg7 27. Nd6 Bf8 28. Rd1 Be2 29. Nxe8 Qxe8 30. Rd2 Ba6 31. Qd5 Bb4 32. Rdc2 Qe7 33. Rb3 Kg7 34. Nd4 Bc5 35. Rxc5 bxc5 36. Qd6 Qh4 37. Nf3 Qc4 38. Rb1 Qxa2 39. Rd1 Qe6 40. Qxc5 Bb7 41. Qd6 a5 42. Ng5 Qf5 43. h4 Bxg2 44. Kxg2 Qg4+ 45. Kh2 Qf4+ 46. Kh3 Qe3+ 47. Kg2 Qe2+ 48. Kg3 Qe3+ 49. Nf3 Qc3 50. Qf6+ Kh6 51. Rd7 1-0

[Event "Titled Tuesday intern op 19th Oct"]
[Site "Chess.com INT"]
[Date "2021.10.19"]
[Round "9"]
[White "Kolosowski, Mateusz"]
[Black "Ceres, Dragos"]
[Result "1-0"]
[WhiteElo "2444"]
[BlackElo "2372"]
[PlyCount "125"]
[EventDate "2021.10.19"]
[EventType "swiss (blitz)"]
[EventRounds "11"]
[EventCountry "USA"]
[SourceTitle "CBM 204 Extra"]
[Source "ChessBase"]
[SourceDate "2021.11.30"]
[SourceVersion "1"]
[SourceVersionDate "2021.11.30"]
[SourceQuality "1"]

1. e4 e5 2. Nf3 Nc6 3. d4 exd4 4. Nxd4 Nf6 5. Nxc6 bxc6 6. e5 Qe7 7. Qe2 Nd5 8. h4 f6 9. c4 Ba6 10. exf6 Nxf6 11. Rh3 Qxe2+ 12. Bxe2 Be7 13. Bf4 0-0-0 14. Nc3 Rhe8 15. 0-0-0 Bb4 16. Bf1 h6 17. a3 Bc5 18. f3 Re7 19. Bd3 Rf8 20. Bd2 Be3 21. Rhh1 Bxd2+ 22. Kxd2 Rfe8 23. Rhe1 Rxe1 24. Rxe1 Rxe1 25. Kxe1 d5 26. Bf5+ Kd8 27. c5 Ke7 28. Kd2 d4 29. Na2 Nd5 30. Be4 Nf4 31. Nb4 Bb5 32. g3 Ne6 33. Bxc6 Bxc6 34. Nxc6+ Kd7 35. Ne5+ Ke7 36. b4 Kf6 37. Nc6 g5 38. hxg5+ Nxg5 39. Nxd4 Ke5 40. Ke3 Kd5 41. Kd3 Nf7 42. f4 a6 43. Nf5 h5 44. Ng7 a5 45. Nxh5 axb4 46. axb4 Nd8 47. Nf6+ Ke6 48. Ne4 Nc6 49. Kc4 Kf5 50. Nf2 Nd8 51. b5 Ne6 52. c6 Nd8 53. Kd5 Kf6 54. Ne4+ Ke7 55. Nc5 Nf7 56. Ne4 Nd8 57. g4 Kf7 58. f5 Ke7 59. g5 Kf7 60. g6+ Kg7 61. b6 cxb6 62. c7 Nc6 63. Kxc6 1-0

[Event "Titled Tuesday intern op 19th Oct"]
[Site "Chess.com INT"]
[Date "2021.10.19"]
[Round "4"]
[White "Yilmaz, Mustafa"]
[Black "Kolosowski, Mateusz"]
[Result "0-1"]
[WhiteElo "2626"]
[BlackElo "2444"]
[PlyCount "154"]
[EventDate "2021.10.19"]
[EventType "swiss (blitz)"]
[EventRounds "11"]
[EventCountry "USA"]
[SourceTitle "CBM 204 Extra"]
[Source "ChessBase"]
[SourceDate "2021.11.30"]
[SourceVersion "1"]
[SourceVersionDate "2021.11.30"]
[SourceQuality "1"]

1. Nf3 c5 2. g3 Nc6 3. c4 g6 4. Bg2 Bg7 5. 0-0 e6 6. Nc3 Nge7 7. a3 a5 8. e3 0-0 9. d4 cxd4 10. exd4 d5 11. cxd5 Nxd5 12. Bg5 Qb6 13. Na4 Qa7 14. Rc1 Nxd4 15. Nxd4 Bxd4 16. Qd2 Bd7 17. Nc3 Bc6 18. Nxd5 exd5 19. h4 Qb6 20. b4 axb4 21. axb4 Rfe8 22. h5 Ra3 23. Qf4 Be5 24. Qh4 Bxg3 25. Qg4 f5 26. Qd1 Be5 27. Re1 Qb5 28. Rc5 Qd3 29. b5 Bxb5 30. Rxd5 Qxd1 31. Rexd1 Bc6 32. Rxe5 Rxe5 33. Rd8+ Kf7 34. Rh8 Ra1+ 35. Kh2 Bxg2 36. Kxg2 gxh5 37. Bf4 Re4 38. Rxh7+ Kg6 39. Rh6+ Kg7 40. Bd2 Ra2 41. Rd6 Re2 42. Bc3+ Kf7 43. Rf6+ Ke7 44. Rxf5 Rac2 45. Bd4 Kd7 46. Rxh5 Kc6 47. Rh6+ Kd5 48. Ba7 b5 49. Rh5+ Kc4 50. Rh4+ Kb3 51. Kg3 b4 52. f4 Rc3+ 53. Kg4 Rg2+ 54. Kf5 Kc2 55. Bd4 Rc4 56. Be5 Re2 57. Rh8 b3 58. Rb8 Rd2 59. Kf6 Rd1 60. f5 Rf1 61. Ke6 Rc6+ 62. Kd5 Ra6 63. Rc8+ Kb1 64. Rb8 Ka2 65. f6 Rfxf6 66. Bxf6 Rxf6 67. Kc4 Rc6+ 68. Kd3 b2 69. Ra8+ Kb1 70. Kd2 Rc5 71. Ra7 Rd5+ 72. Ke2 Kc2 73. Rc7+ Kb3 74. Rb7+ Kc3 75. Rb8 Rd4 76. Rc8+ Rc4 77. Rb8 Rb4 0-1

[Event "Titled Tuesday intern op 28th Sept"]
[Site "Chess.com INT"]
[Date "2021.09.28"]
[Round "2"]
[White "Arakhamia Grant, Ketevan"]
[Black "Kolosowski, Mateusz"]
[Result "0-1"]
[WhiteElo "2380"]
[BlackElo "2448"]
[PlyCount "72"]
[EventDate "2021.09.28"]
[EventType "swiss (blitz)"]
[EventRounds "11"]
[EventCountry "USA"]
[SourceTitle "CBM 204 Extra"]
[Source "ChessBase"]
[SourceDate "2021.11.30"]
[SourceVersion "1"]
[SourceVersionDate "2021.11.30"]
[SourceQuality "1"]

1. e4 e5 2. Nf3 Nc6 3. Bb5 Nge7 4. 0-0 g6 5. c3 a6 6. Ba4 Bg7 7. d4 exd4 8. cxd4 b5 9. Bb3 0-0 10. Nc3 d6 11. Bg5 h6 12. Bh4 g5 13. Bg3 Bg4 14. Ne2 Na5 15. Bc2 f5 16. exf5 Nxf5 17. Qd2 Nc4 18. Bb3 Bxf3 19. gxf3 d5 20. Bxc4 dxc4 21. f4 g4 22. d5 Qf6 23. Nc3 Nd4 24. Qd1 Qf5 25. Kh1 Rae8 26. a3 a5 27. f3 gxf3 28. Bf2 Ne2 29. Nxb5 Qh3 30. Rg1 Rf5 31. Qf1 Nxg1 32. Qxg1 Rxf4 33. Nxc7 Re2 34. Ne6 Rg4 35. Bg3 Rg2 36. Qa7 Rxh2+ 0-1

[Event "Titled Tuesday intern op 28th Sept"]
[Site "Chess.com INT"]
[Date "2021.09.28"]
[Round "1"]
[White "Kolosowski, Mateusz"]
[Black "Miszler, Levente"]
[Result "1/2-1/2"]
[WhiteElo "2448"]
[BlackElo "2254"]
[PlyCount "166"]
[EventDate "2021.09.28"]
[EventType "swiss (blitz)"]
[EventRounds "11"]
[EventCountry "USA"]
[SourceTitle "CBM 204 Extra"]
[Source "ChessBase"]
[SourceDate "2021.11.30"]
[SourceVersion "1"]
[SourceVersionDate "2021.11.30"]
[SourceQuality "1"]

1. d4 Nf6 2. Nf3 e6 3. e3 d5 4. Bd3 Bd6 5. 0-0 0-0 6. b3 c5 7. Bb2 Nc6 8. a3 b6 9. Nbd2 Bb7 10. c4 Rc8 11. Qe2 Qe7 12. Ne5 Rfd8 13. f4 dxc4 14. bxc4 cxd4 15. exd4 Nd7 16. Rf3 Ncxe5 17. Bxh7+ Kxh7 18. Rh3+ Kg8 19. fxe5 Nxe5 20. dxe5 Bc5+ 21. Kh1 Qg5 22. Nf3 Qg4 23. Rg3 Qh5 24. Rf1 Be7 25. Bc1 Ba6 26. Rh3 Qg4 27. Qc2 Qf5 28. Qf2 Bxc4 29. Re1 Bd5 30. Qg3 Bxf3 31. gxf3 Bc5 32. Rh4 Kf8 33. Bg5 f6 34. exf6 Rd3 35. Bh6 Qxf3+ 36. Qxf3 Rxf3 37. fxg7+ Kg8 38. Rxe6 Bd4 39. Rhe4 Rf1+ 40. Kg2 Rg1+ 41. Kh3 Bxg7 42. Be3 Rf1 43. Rg6 Rf6 44. Rg5 Rh6+ 45. Kg2 Rf6 46. Re7 Rf7 47. Re6 Rcf8 48. Reg6 Re8 49. Bd4 Ree7 50. h4 Kf8 51. Bf2 Rf6 52. h5 Rxg6 53. Rxg6 Rf7 54. Bh4 Rd7 55. Kh3 Rd3+ 56. Kg4 Rd4+ 57. Kg3 Rd7 58. Bg5 Be5+ 59. Kg4 Rg7 60. Kf5 Rxg6 61. Kxg6 Kg8 62. a4 Bd4 63. h6 a6 64. Bd2 b5 65. a5 Bb2 66. Bb4 Kh8 67. Bd2 Bd4 68. Bf4 Bc3 69. Kf5 b4 70. Ke4 b3 71. Kd3 b2 72. Kc2 Bf6 73. Bd2 Kh7 74. Bb4 Kxh6 75. Ba3 Kg6 76. Bxb2 Bxb2 77. Kxb2 Kf5 78. Kc3 Ke6 79. Kc4 Kd6 80. Kd4 Kc6 81. Kc4 Kd6 82. Kd4 Kc6 83. Kc4 Kd6 1/2-1/2

[Event "Titled Tuesday intern op 28th Sept"]
[Site "Chess.com INT"]
[Date "2021.09.28"]
[Round "7"]
[White "Kolosowski, Mateusz"]
[Black "Vokhidov, Shamsiddin"]
[Result "0-1"]
[WhiteElo "2448"]
[BlackElo "2521"]
[PlyCount "84"]
[EventDate "2021.09.28"]
[EventType "swiss (blitz)"]
[EventRounds "11"]
[EventCountry "USA"]
[SourceTitle "CBM 204 Extra"]
[Source "ChessBase"]
[SourceDate "2021.11.30"]
[SourceVersion "1"]
[SourceVersionDate "2021.11.30"]
[SourceQuality "1"]

1. e4 c5 2. Nc3 Nc6 3. Bb5 Nd4 4. Bc4 a6 5. a4 e6 6. Nge2 Nf6 7. 0-0 d5 8. exd5 exd5 9. Ba2 Bg4 10. f3 Bf5 11. d3 h6 12. Nxd4 cxd4 13. Ne2 Bc5 14. Ng3 Bh7 15. Re1+ Kf8 16. Bf4 Bd6 17. Qd2 Rc8 18. Bb3 Qc7 19. Bxd6+ Qxd6 20. Re2 g5 21. Rae1 Kg7 22. Re5 Rhe8 23. Qe2 Kf8 24. Rxe8+ Rxe8 25. Qf2 Qf4 26. Rxe8+ Kxe8 27. Qe1+ Kd7 28. h3 Qe3+ 29. Qxe3 dxe3 30. d4 h5 31. Kf1 h4 32. Ne2 Kd6 33. Nc3 Nh5 34. Nxd5 Bxc2 35. Bxc2 Kxd5 36. Be4+ Kxd4 37. Bxb7 a5 38. Ke1 Nf4 39. Ba6 Nxg2+ 40. Ke2 Nf4+ 41. Ke1 Nxh3 42. Bb7 Nf4 0-1

[Event "Titled Tuesday intern op 28th Sept"]
[Site "Chess.com INT"]
[Date "2021.09.28"]
[Round "6"]
[White "Oparin, Grigoriy"]
[Black "Kolosowski, Mateusz"]
[Result "1-0"]
[WhiteElo "2654"]
[BlackElo "2448"]
[PlyCount "95"]
[EventDate "2021.09.28"]
[EventType "swiss (blitz)"]
[EventRounds "11"]
[EventCountry "USA"]
[SourceTitle "CBM 204 Extra"]
[Source "ChessBase"]
[SourceDate "2021.11.30"]
[SourceVersion "1"]
[SourceVersionDate "2021.11.30"]
[SourceQuality "1"]

1. e4 e5 2. Nc3 Nf6 3. Bc4 Nc6 4. d3 Bb4 5. Nge2 d6 6. 0-0 Na5 7. Bb3 Nxb3 8. axb3 a6 9. f4 Bc5+ 10. Kh1 Ba7 11. Qe1 h6 12. Qg3 Nh5 13. Qf3 Nf6 14. fxe5 dxe5 15. Nd5 Be6 16. Nxf6+ Qxf6 17. Qxf6 gxf6 18. Rxf6 Ke7 19. Rf1 h5 20. Bg5+ Kd6 21. Ng3 Rag8 22. Nf5+ Bxf5 23. Rxf5 Rg6 24. h4 Ke6 25. Raf1 Rh7 26. Kh2 Bc5 27. Kh3 Bd6 28. Rf6+ Rxf6 29. Rxf6+ Kd7 30. Rf5 Ke6 31. c3 b5 32. d4 c6 33. Be3 a5 34. dxe5 Bxe5 35. Bd4 Bd6 36. c4 bxc4 37. bxc4 Bb4 38. b3 Rh6 39. g4 hxg4+ 40. Kxg4 Be7 41. h5 Bd8 42. Bg7 Rh7 43. h6 Be7 44. Rxa5 Bf6 45. Bxf6 Kxf6 46. Ra6 Kg6 47. Rxc6+ f6 48. e5 1-0

[Event "Bydgoszcz PGNiG KO"]
[Site "Bydgoszcz"]
[Date "2021.09.19"]
[Round "1"]
[White "Kosakowski, Jakub"]
[Black "Kolosowski, Mateusz"]
[Result "1-0"]
[WhiteElo "2445"]
[BlackElo "2448"]
[PlyCount "59"]
[EventDate "2021.09.19"]
[EventType "k.o. (rapid)"]
[EventRounds "4"]
[EventCountry "POL"]
[SourceTitle "CBM 204 Extra"]
[Source "ChessBase"]
[SourceDate "2021.11.30"]
[SourceVersion "1"]
[SourceVersionDate "2021.11.30"]
[SourceQuality "1"]

1. e4 e5 2. Nf3 Nc6 3. Bb5 Nge7 4. 0-0 g6 5. c3 a6 6. Ba4 Bg7 7. d4 exd4 8. cxd4 b5 9. Bc2 d5 10. exd5 Nb4 11. Bb3 Nbxd5 12. Re1 0-0 13. Bg5 Nf6 14. Nbd2 Bb7 15. Rc1 Qd6 16. Qc2 Ned5 17. a3 Rac8 18. Ne5 Rce8 19. Bxf6 Bxf6 20. Ne4 Qd8 21. Nc6 Bxc6 22. Qxc6 Rxe4 23. Rxe4 Nb6 24. Qxc7 Bg5 25. Qxd8 Bxd8 26. d5 Nd7 27. d6 Bf6 28. Rc7 Rd8 29. Re7 Ne5 30. Rxf7 1-0

[Event "Bydgoszcz PGNiG Rapid"]
[Site "Bydgoszcz"]
[Date "2021.09.18"]
[Round "2"]
[White "Jurkiewicz, Krzysztof1111"]
[Black "Kolosowski, Mateusz"]
[Result "0-1"]
[WhiteElo "1930"]
[BlackElo "2448"]
[PlyCount "64"]
[EventDate "2021.09.18"]
[EventType "swiss (rapid)"]
[EventRounds "9"]
[EventCountry "POL"]
[SourceTitle "CBM 204 Extra"]
[Source "ChessBase"]
[SourceDate "2021.11.30"]
[SourceVersion "1"]
[SourceVersionDate "2021.11.30"]
[SourceQuality "1"]

1. d4 Nf6 2. c4 g6 3. Nc3 d5 4. Nf3 Bg7 5. Bg5 Ne4 6. cxd5 Nxg5 7. Nxg5 e6 8. Qa4+ c6 9. dxc6 Nxc6 10. Nf3 Bd7 11. Qd1 Qb6 12. Qd2 Nxd4 13. Nxd4 Qxd4 14. Qxd4 Bxd4 15. e3 Bxc3+ 16. bxc3 Rc8 17. c4 Ke7 18. Be2 Rc5 19. 0-0 Ra5 20. f4 Rc8 21. Rfc1 Ra3 22. Kf2 Rc5 23. Rab1 b6 24. Rc2 Rca5 25. Rbb2 Bc8 26. e4 e5 27. g3 exf4 28. gxf4 Rh3 29. Kg2 Re3 30. Bf3 Raa3 31. c5 Rxf3 32. cxb6 Bh3+ 0-1

[Event "Bydgoszcz PGNiG Rapid"]
[Site "Bydgoszcz"]
[Date "2021.09.18"]
[Round "9"]
[White "Pacan Milej, Kosma"]
[Black "Kolosowski, Mateusz"]
[Result "0-1"]
[WhiteElo "2401"]
[BlackElo "2448"]
[PlyCount "88"]
[EventDate "2021.09.18"]
[EventType "swiss (rapid)"]
[EventRounds "9"]
[EventCountry "POL"]
[SourceTitle "CBM 204 Extra"]
[Source "ChessBase"]
[SourceDate "2021.11.30"]
[SourceVersion "1"]
[SourceVersionDate "2021.11.30"]
[SourceQuality "1"]

1. d4 Nf6 2. c4 g6 3. g3 c6 4. Bg2 d5 5. Qa4 Nfd7 6. cxd5 Nb6 7. Qd1 cxd5 8. Nc3 Nc6 9. e3 Bg7 10. Nge2 0-0 11. 0-0 e6 12. b3 a6 13. a4 Bd7 14. Ba3 Re8 15. Rc1 Ne7 16. Nf4 Nf5 17. Nd3 Bc6 18. Ne5 Rc8 19. Ne2 Nd7 20. Nxd7 Bxd7 21. Nf4 Rxc1 22. Qxc1 b5 23. axb5 Bxb5 24. Rd1 Qb8 25. Bc5 Nd6 26. Qa3 Ne4 27. Bxe4 dxe4 28. Bd6 Qd8 29. Rc1 h5 30. Qc5 h4 31. Be5 hxg3 32. hxg3 Bf8 33. Qc7 Qg5 34. Qb7 f6 35. Bb8 Qf5 36. Rc8 g5 37. Nh5 Qf3 38. Rxe8 Qd1+ 39. Kg2 Qf3+ 40. Kg1 Bxe8 41. Qxe4 Bxh5 42. Qxe6+ Bf7 43. Qc8 Bd5 44. Qh3 g4 0-1

[Event "Opole Termika Blitz op"]
[Site "Opole"]
[Date "2021.07.18"]
[Round "7"]
[White "Dobrowolski, Piotr"]
[Black "Kolosowski, Mateusz"]
[Result "0-1"]
[WhiteElo "2413"]
[BlackElo "2448"]
[PlyCount "70"]
[EventDate "2021.07.18"]
[EventType "swiss (blitz)"]
[EventRounds "13"]
[EventCountry "POL"]
[SourceTitle "CBM 203 Extra"]
[Source "ChessBase"]
[SourceDate "2021.09.30"]
[SourceVersion "1"]
[SourceVersionDate "2021.09.30"]
[SourceQuality "1"]

1. e4 e5 2. Nf3 Nc6 3. Bb5 a6 4. Bxc6 dxc6 5. Nc3 Qd6 6. d4 exd4 7. Nxd4 c5 8. Nde2 Qxd1+ 9. Nxd1 Bd7 10. Bf4 0-0-0 11. Ne3 Re8 12. f3 Nf6 13. 0-0-0 Nh5 14. Bg5 h6 15. Bh4 g5 16. Bf2 b6 17. Nd5 Be6 18. Be1 f5 19. Bc3 Rh7 20. Ng3 Nxg3 21. hxg3 Bxd5 22. exd5 Bd6 23. g4 fxg4 24. fxg4 Re4 25. Rde1 Rxg4 26. Re6 h5 27. Rg6 Rxg2 28. Bd2 g4 29. Rg5 h4 30. Rg8+ Kb7 31. Bg5 h3 32. a4 a5 33. Kb1 g3 34. Ka2 h2 35. Be3 Re2 0-1

[Event "Titled Tuesday intern op 29th Dec"]
[Site "Chess.com INT"]
[Date "2020.12.29"]
[Round "2"]
[White "Guliev, Logman"]
[Black "Kolosowski, Mateusz"]
[Result "1-0"]
[WhiteElo "2273"]
[BlackElo "2448"]
[PlyCount "109"]
[EventDate "2020.12.29"]
[EventType "swiss (blitz)"]
[EventRounds "11"]
[EventCountry "USA"]
[SourceTitle "CBM 200 Extra"]
[Source "ChessBase"]
[SourceDate "2021.03.31"]
[SourceVersion "1"]
[SourceVersionDate "2021.03.31"]
[SourceQuality "1"]

1. d4 Nf6 2. c4 g6 3. Nc3 d5 4. cxd5 Nxd5 5. e4 Nxc3 6. bxc3 Bg7 7. Bc4 c5 8. Ne2 0-0 9. Be3 Nc6 10. 0-0 Bg4 11. f3 Bd7 12. Rc1 Rc8 13. e5 Na5 14. Bd3 Be6 15. Qa4 Bxe5 16. Bxg6 Bxh2+ 17. Kxh2 fxg6 18. dxc5 Nc4 19. Bd4 Bd5 20. Ng3 e5 21. Bf2 Qg5 22. Rcd1 Be6 23. Ne4 Qh6+ 24. Kg1 Ne3 25. Bxe3 Qxe3+ 26. Rf2 Rcd8 27. Rd6 Rxd6 28. cxd6 Rd8 29. Qa5 Qc1+ 30. Kh2 Qf4+ 31. Kg1 Qc1+ 32. Kh2 Qf4+ 33. g3 Qh6+ 34. Kg1 Qc1+ 35. Kg2 Rf8 36. Qxe5 Bh3+ 37. Kh2 h5 38. Qg5 Qxg5 39. Nxg5 Bd7 40. Re2 Re8 41. Rxe8+ Bxe8 42. f4 Kf8 43. Kg2 Bc6+ 44. Kf2 Bd5 45. Ke3 Bxa2 46. Kd4 Bb3 47. c4 a5 48. c5 a4 49. Kc3 Ke8 50. Kb4 Kd7 51. Nf3 Bd5 52. Ne5+ Kd8 53. Nxg6 Bc6 54. Ne5 h4 55. gxh4 1-0